000 00695nam a2200229 i 4500
001 26817
003 ES-MaACL
005 20250819165351.0
007 t|
008 030110s1966 sp ||||1| spa d
100 1 _aArrese, José Luis de.
_923263
245 1 0 _aTreinta años de política /
_cJosé Luis de Arrese.
250 _a[1ª ed.].
260 _aMadrid :
_bAfrodisio Aguado,
_c1966.
300 _a1487 p. ;
_c21 cm.
490 1 _aObras seleccionadas ;
_v1
650 7 _aNacionalsindicalismo
_2embne
_9158045
651 4 _aEspaña-
_xHistoria-
_y1923-1930, Dictadura.
_98281
830 0 _aObras seleccionadas ;
_v1
_9188582
852 _aES-MaACL
_jG-54
999 _c26817
_d26817